[Event "8th HD Bank Cup 2018"]
[Site "Hanoi VIE"]
[Date "2018.03.12"]
[Round "4.58"]
[White "Vaingorten, Yaaqov"]
[Black "Divya, Deshmukh"]
[Result "0-1"]
[WhiteTitle "FM"]
[BlackTitle "WFM"]
[WhiteElo "2298"]
[BlackElo "2138"]
[WhiteFideId "2603918"]
[BlackFideId "35006916"]
[EventDate "2018.03.10"]

1. f4 Nf6 2. Nf3 g6 3. e3 Bg7 4. Be2 b6 5. O-O Bb7 6. d3 d6 7. Nc3 O-O 8. Qe1 c5
9. e4 Nc6 10. Qh4 Qc7 11. f5 Nd4 12. Bd1 d5 13. Ng5 h6 14. Nh3 g5 15. Nxg5 hxg5
16. Bxg5 Rfd8 17. Re1 dxe4 18. dxe4 Kf8 19. e5 Qc6 20. Qh3 Ng8 21. Bh5 Bh6 22.
Re4 Bxg5 23. e6 Nf6 24. Bxf7 Kg7 25. Qg3 Nxe4 26. Qg4 Rh8 0-1

[Event "8th HD Bank Cup 2018"]
[Site "Hanoi VIE"]
[Date "2018.03.12"]
[Round "4.59"]
[White "Doan, Van Duc"]
[Black "Yee, Soon Wei"]
[Result "1-0"]
[BlackTitle "FM"]
[WhiteElo "2112"]
[BlackElo "2263"]
[WhiteFideId "12400335"]
[BlackFideId "10500553"]
[EventDate "2018.03.10"]

1. Nf3 Nf6 2. c4 c5 3. g3 Nc6 4. Bg2 g6 5. O-O Bg7 6. Nc3 O-O 7. d4 cxd4 8. Nxd4
Qa5 9. Nc2 d6 10. Bd2 Qh5 11. e4 Ng4 12. h3 Nge5 13. Qxh5 gxh5 14. Ne3 Bxh3 15.
f4 Bxg2 16. Kxg2 Ng4 17. Nf5 Bxc3 18. Bxc3 e6 19. Nxd6 Ne3+ 20. Kf3 Nxf1 21.
Rxf1 b6 22. Bf6 h6 23. Rh1 Kh7 24. f5 Rg8 25. Rxh5 Rg6 26. fxg6+ Kxg6 27. g4
Kxf6 28. Rxh6+ Kg7 29. Nf5+ Kg8 30. Ne3 Rd8 31. Rh2 Ne5+ 32. Kf4 Ng6+ 33. Kf3
Ne5+ 34. Kf4 Ng6+ 35. Kf3 Rd4 36. b3 Ne5+ 37. Kf4 Nd3+ 38. Kf3 Ne5+ 39. Kf4 Ng6+
40. Kf3 a5 41. Rh5 f6 42. Rb5 Ne5+ 43. Kf2 Rd2+ 44. Kf1 Nd7 45. g5 Kf7 46. gxf6
Kxf6 47. Ng4+ Ke7 48. a4 Kd6 49. Nf6 Kc6 50. Nxd7 Rxd7 51. Ke2 Rh7 52. Ke3 Rh3+
53. Kd4 Rh1 54. c5 e5+ 55. Kxe5 bxc5 56. Rxa5 c4 57. bxc4 Ra1 1-0

[Event "8th HD Bank Cup 2018"]
[Site "Hanoi VIE"]
[Date "2018.03.12"]
[Round "4.60"]
[White "Kulkarni, Chinmay"]
[Black "Bach, Ngoc Thuy Duong"]
[Result "1-0"]
[BlackTitle "WFM"]
[WhiteElo "2215"]
[BlackElo "2000"]
[WhiteFideId "5023513"]
[BlackFideId "12408956"]
[EventDate "2018.03.10"]

1. e4 c5 2. Nf3 d6 3. d4 cxd4 4. Nxd4 Nf6 5. Nc3 a6 6. Nb3 e5 7. Bg5 Be6 8. Bxf6
Qxf6 9. Na4 Qd8 10. Nc3 Be7 1-0

[Event "8th HD Bank Cup 2018"]
[Site "Hanoi VIE"]
[Date "2018.03.12"]
[Round "4.61"]
[White "Priyanka, K"]
[Black "Le, Minh Hoang"]
[Result "0-1"]
[BlackTitle "CM"]
[WhiteElo "2087"]
[BlackElo "2184"]
[WhiteFideId "5082986"]
[BlackFideId "12404683"]
[EventDate "2018.03.10"]

1. e4 c6 2. Nf3 d5 3. Nc3 dxe4 4. Nxe4 Nd7 5. Bc4 e6 6. d4 Ngf6 7. Nxf6+ Nxf6 8.
Qe2 Be7 9. Bd2 b6 10. O-O-O b5 11. Bd3 Bb7 12. Kb1 a6 13. Rhg1 Qd5 14. Bf4 c5
15. dxc5 Qxc5 16. Ne5 Nd5 17. Bd2 Nb4 18. Bxb4 Qxb4 19. Rge1 O-O 20. c3 Qh4 21.
g3 Qxh2 22. Nf3 Qg2 23. Nd4 Bf6 24. Bc2 g6 25. Rg1 Qh3 26. f3 Qh6 27. g4 Qf4 28.
Be4 Rab8 29. Rh1 Rfd8 30. Bxb7 Rxb7 31. Nc6 Rc8 32. Nb4 a5 33. Nd3 Qc7 34. f4 b4
35. cxb4 axb4 36. Rc1 Qd8 37. Nc5 Rbc7 38. Rcd1 Qe7 39. Nb3 Rc2 40. Qxc2 Rxc2
41. Kxc2 Qc7+ 42. Kb1 Qxf4 43. Rhf1 Qxg4 44. Rd2 Qe4+ 45. Ka1 Be5 46. Rd8+ Kg7
47. Rd7 Bf6 0-1

[Event "8th HD Bank Cup 2018"]
[Site "Hanoi VIE"]
[Date "2018.03.12"]
[Round "4.62"]
[White "Song, Yuxin"]
[Black "Andyka, Pitra"]
[Result "0-1"]
[WhiteTitle "WCM"]
[BlackTitle "FM"]
[WhiteElo "2067"]
[BlackElo "2265"]
[WhiteFideId "8614300"]
[BlackFideId "7103255"]
[EventDate "2018.03.10"]

1. e4 c5 2. Nf3 e6 3. d4 cxd4 4. Nxd4 a6 5. c4 Nf6 6. Nc3 Bb4 7. Bd3 Nc6 8. Nxc6
dxc6 9. O-O e5 10. Ne2 a5 11. h3 Bc5 12. Ng3 O-O 13. Qf3 Be6 14. Rd1 Nd7 15. Nf5
Bxf5 16. Qxf5 Bd4 17. Rb1 Nc5 18. Bc2 Qc8 19. Qh5 Rd8 20. b3 Qe6 21. Qe2 Qf6 22.
Be3 Ne6 23. g3 Qe7 24. Kg2 Rd7 25. Rd2 Rad8 26. Rbd1 f6 27. h4 b6 28. Kf1 Rd6
29. f4 Bxe3 30. Rxd6 Rxd6 31. Rxd6 Qxd6 32. Qxe3 exf4 33. Qxb6 0-1

[Event "8th HD Bank Cup 2018"]
[Site "Hanoi VIE"]
[Date "2018.03.12"]
[Round "4.63"]
[White "Swati, Ghate"]
[Black "Nguyen, Hoai Nam"]
[Result "1/2-1/2"]
[WhiteTitle "WGM"]
[WhiteElo "2249"]
[BlackElo "2177"]
[WhiteFideId "5003474"]
[BlackFideId "12415880"]
[EventDate "2018.03.10"]

1. e4 c5 2. Nf3 Nc6 3. Bb5 g6 4. Bxc6 dxc6 5. h3 e5 6. d3 Qe7 7. Be3 Nf6 8. Nc3
Nd7 9. Qd2 h6 10. a4 a5 11. O-O Bg7 12. Nh2 Nf8 13. Ne2 Ne6 14. Rab1 b6 15. f4
exf4 16. Nxf4 Nxf4 17. Bxf4 Be6 18. Kh1 Rd8 19. b3 g5 20. Bg3 O-O 21. Ng4 Bxg4
22. hxg4 Qxe4 23. Qxg5 Qe2 24. Qc1 Qxg4 1/2-1/2

[Event "8th HD Bank Cup 2018"]
[Site "Hanoi VIE"]
[Date "2018.03.12"]
[Round "5.1"]
[White "Gordievsky, Dmitry"]
[Black "Karthikeyan, Murali"]
[Result "1-0"]
[WhiteTitle "GM"]
[BlackTitle "GM"]
[WhiteElo "2630"]
[BlackElo "2592"]
[WhiteFideId "24112798"]
[BlackFideId "5074452"]
[EventDate "2018.03.10"]

1. Nf3 Nf6 2. g3 g6 3. Bg2 Bg7 4. c4 O-O 5. d4 c5 6. d5 b5 7. cxb5 a6 8. bxa6
Qa5+ 9. Nfd2 d6 10. O-O Bxa6 11. Nc3 Nbd7 12. Qc2 Rfc8 13. Rb1 c4 14. Rd1 Bb7
15. Nf1 Nb6 16. Bd2 Na4 17. Ne3 Nxc3 18. bxc3 Bxd5 19. Nxd5 Nxd5 20. Be1 Rc5 21.
a4 Rac8 22. e4 Nf6 23. Rb7 R8c7 24. Rdb1 h5 25. R7b5 Qa7 26. Kh1 Ng4 27. Rb8+
Kh7 28. h3 Ne5 29. Bd2 Nd3 30. Be3 Qa5 31. Bxc5 Qxc5 32. Kg1 Be5 33. R8b5 Qa7
34. Bf1 Bxg3 35. Kg2 Bh4 36. Bxd3 cxd3 37. Qa2 Kg7 38. R1b3 Rc4 39. R5b4 Rc5 40.
Qd2 Rg5+ 41. Kf1 Qd7 42. Qxd3 Bg3 43. Ke2 Qxh3 44. Qf3 Qh4 45. Rb1 Bh2 46. Rh1
Rc5 47. Rd4 Qf4 48. Qxf4 Bxf4 49. Kd3 Kh6 50. Rd5 Rc8 51. Rb5 Be5 52. c4 g5 53.
a5 Ra8 54. c5 dxc5 55. Rxc5 f6 56. f3 Bd6 57. Rb5 Bc7 58. Ra1 g4 59. fxg4 hxg4
60. a6 g3 61. Ke2 Be5 62. Rxe5 fxe5 63. Kf3 Kg5 64. Kxg3 Ra7 65. Kf3 Kh4 66. Ke3
Kg4 67. Rg1+ Kh5 68. Rh1+ Kg5 69. Ra1 Kg4 70. Ra5 e6 71. Ra1 Kg3 72. Ra2 Kg4 73.
Ra5 Kg3 74. Rxe5 Rxa6 75. Rg5+ Kh4 76. Kf4 Rb6 77. Rg1 Kh5 78. Ke5 Rb4 79. Rg8
Kh6 80. Kf6 Kh7 81. Rg4 Rb6 82. e5 Ra6 83. Rg7+ Kh6 84. Rg2 Kh5 85. Rg8 Kh4 86.
Re8 Ra1 87. Kxe6 Kg5 88. Rg8+ Kf4 89. Kf6 Ra5 90. Rg1 1-0

[Event "8th HD Bank Cup 2018"]
[Site "Hanoi VIE"]
[Date "2018.03.12"]
[Round "5.2"]
[White "Zhao, Jun"]
[Black "Wang, Hao"]
[Result "1/2-1/2"]
[WhiteTitle "GM"]
[BlackTitle "GM"]
[WhiteElo "2599"]
[BlackElo "2713"]
[WhiteFideId "8602522"]
[BlackFideId "8602883"]
[EventDate "2018.03.10"]

1. e4 e5 2. Nf3 Nc6 3. Bb5 a6 4. Ba4 Nf6 5. d3 d6 6. c3 g6 7. O-O Bg7 8. h3 O-O
9. Re1 Re8 10. Be3 d5 11. Nbd2 h6 12. exd5 Nxd5 13. Bxc6 bxc6 14. Qa4 Bf5 15.
Ne4 Rb8 16. Rab1 Nb6 17. Qc2 g5 18. Rbd1 Nd5 19. Bc1 Nf4 20. d4 exd4 21. Bxf4
gxf4 22. Nxd4 Bxe4 23. Rxe4 Rxe4 24. Nxc6 Qe8 25. Nxb8 Re6 26. Nd7 f3 27. Qf5
Re1+ 28. Rxe1 Qxe1+ 29. Kh2 Qxf2 30. Qxf3 Qxb2 31. Qa8+ Kh7 32. Qe4+ Kg8 33.
Qe8+ Kh7 34. Qe4+ Kg8 35. Qe8+ Kh7 36. Qxf7 Qxc3 37. Nf8+ Kh8 38. Ng6+ Kh7 39.
Nf8+ Kh8 40. Ng6+ Kh7 1/2-1/2

[Event "8th HD Bank Cup 2018"]
[Site "Hanoi VIE"]
[Date "2018.03.12"]
[Round "5.3"]
[White "Zou, Chen"]
[Black "Le, Tuan Minh"]
[Result "0-1"]
[WhiteTitle "FM"]
[BlackTitle "IM"]
[WhiteElo "2291"]
[BlackElo "2489"]
[WhiteFideId "8610959"]
[BlackFideId "12401153"]
[EventDate "2018.03.10"]

1. e4 c5 2. Nf3 d6 3. d4 cxd4 4. Nxd4 Nf6 5. Nc3 g6 6. Be3 Bg7 7. f3 O-O 8. Qd2
Nc6 9. Bc4 Bd7 10. O-O-O Rb8 11. Bb3 Na5 12. Bh6 Bxh6 13. Qxh6 b5 14. h4 e5 15.
Nde2 b4 16. Nd5 Nxb3+ 17. axb3 Nxd5 18. Rxd5 Rb6 19. h5 g5 20. Rxd6 f6 21. Rhd1
Rxd6 22. Rxd6 Qe7 23. Rd2 a5 24. Ng3 Be6 25. Nf5 Bxf5 26. exf5 Ra8 27. Kd1 a4
28. bxa4 Rxa4 29. Rd3 Ra8 30. Ke1 e4 31. Re3 Qd6 32. fxe4 Ra1+ 33. Kf2 Qd2+ 0-1

[Event "8th HD Bank Cup 2018"]
[Site "Hanoi VIE"]
[Date "2018.03.12"]
[Round "5.4"]
[White "Le, Quang Liem"]
[Black "Pena Gomez, Manuel"]
[Result "1-0"]
[WhiteTitle "GM"]
[BlackTitle "IM"]
[WhiteElo "2736"]
[BlackElo "2478"]
[WhiteFideId "12401137"]
[BlackFideId "2252813"]
[EventDate "2018.03.10"]

1. e4 c5 2. Nf3 d6 3. Bb5+ Bd7 4. Bxd7+ Qxd7 5. c4 Nc6 6. d4 cxd4 7. Nxd4 g6 8.
Nc3 Bg7 9. Be3 Nf6 10. h3 O-O 11. O-O Rfc8 12. b3 Nxd4 13. Bxd4 b5 14. Nxb5 Nxe4
15. Bxg7 Kxg7 16. Qd4+ Nf6 17. Rad1 a6 18. Nc3 Qa7 19. Qd2 h5 20. Rfe1 Rc5 21.
Re3 Rd8 22. Qd4 Rd7 23. Ne4 e5 24. Qd3 Nxe4 25. Qxe4 a5 26. Red3 Qb6 27. Qe3 a4
28. Kh2 axb3 29. axb3 Rc6 30. Qd2 Rb7 31. f4 Qb4 32. Qc1 e4 33. Qa1+ Kh7 34. Rg3
f5 35. Qf6 Rg7 36. Rd5 Rcc7 37. Rxd6 Rcf7 38. Qd4 Qe1 39. c5 Ra7 40. Qd1 Qxd1
41. Rxd1 Rgd7 42. Rxd7+ Rxd7 43. c6 Rc7 44. Rc3 e3 45. Kg3 Re7 46. Rc1 h4+ 47.
Kf3 e2 48. Kf2 1-0

[Event "8th HD Bank Cup 2018"]
[Site "Hanoi VIE"]
[Date "2018.03.12"]
[Round "5.5"]
[White "Santiago, Yago De Moura"]
[Black "Mareco, Sandro"]
[Result "0-1"]
[WhiteTitle "GM"]
[BlackTitle "GM"]
[WhiteElo "2473"]
[BlackElo "2635"]
[WhiteFideId "2103877"]
[BlackFideId "112275"]
[EventDate "2018.03.10"]

1. d4 Nf6 2. c4 e6 3. Nf3 Bb4+ 4. Nbd2 O-O 5. a3 Be7 6. e4 d6 7. Qc2 Nbd7 8. Be2
c5 9. d5 exd5 10. cxd5 Ng4 11. O-O Bf6 12. Nb1 Re8 13. Nc3 a6 14. Nd2 Nge5 15.
f4 Ng6 16. Nc4 Bd4+ 17. Kh1 Nf6 18. f5 Ne5 19. Nxe5 Bxe5 20. Bf3 b5 21. Ne2 h6
22. Bd2 a5 23. Rf2 Ba6 24. Rg1 b4 25. g4 Nh7 26. Be3 Rb8 27. a4 Ng5 28. Bg2 b3
29. Qb1 Bxe2 30. Rxe2 Rb4 31. Bd2 Rxa4 32. Qe1 Nh7 33. h4 Bxb2 34. g5 Ra1 35.
Qg3 Rxg1+ 36. Kxg1 Bd4+ 37. Kh1 b2 38. Re1 Be5 39. Qe3 a4 40. f6 hxg5 41. hxg5
Qb8 0-1

[Event "8th HD Bank Cup 2018"]
[Site "Hanoi VIE"]
[Date "2018.03.12"]
[Round "5.6"]
[White "Karthikeyan, P."]
[Black "Nguyen, Ngoc Truong Son"]
[Result "1/2-1/2"]
[WhiteTitle "IM"]
[BlackTitle "GM"]
[WhiteElo "2473"]
[BlackElo "2630"]
[WhiteFideId "5018226"]
[BlackFideId "12401110"]
[EventDate "2018.03.10"]

1. d4 d5 2. c4 c6 3. Nf3 Nf6 4. Qc2 g6 5. Bf4 Bg7 6. e3 O-O 7. Bd3 dxc4 8. Bxc4
Bf5 9. Qe2 Nbd7 10. O-O c5 11. Nc3 a6 12. Nh4 Be4 13. f3 Bc6 14. d5 Nxd5 15.
Nxd5 e6 16. Bc7 Qxh4 17. g3 Qg5 18. h4 Qxd5 19. Bxd5 exd5 20. Qd2 Rfe8 1/2-1/2

[Event "8th HD Bank Cup 2018"]
[Site "Hanoi VIE"]
[Date "2018.03.12"]
[Round "5.8"]
[White "Nguyen, Van Huy"]
[Black "Wen, Yang"]
[Result "1/2-1/2"]
[WhiteTitle "IM"]
[BlackTitle "GM"]
[WhiteElo "2454"]
[BlackElo "2608"]
[WhiteFideId "12401064"]
[BlackFideId "8602956"]
[EventDate "2018.03.10"]

1. d4 d6 2. Nf3 g6 3. g3 Bg7 4. Bg2 Nf6 5. O-O O-O 6. a4 a5 7. Re1 Nbd7 8. e4 e5
9. Nc3 Re8 10. b3 b6 11. Bb2 exd4 12. Nxd4 Bb7 13. Qd2 Nc5 14. f3 Qd7 15. Rad1
Re7 16. Bf1 Rd8 17. Bb5 c6 18. Bf1 Qe8 19. Qc1 Nfd7 20. Nde2 Ne5 21. Bg2 d5 22.
exd5 cxd5 23. Nb5 Ned3 24. cxd3 Rxe2 25. Bxg7 Kxg7 26. Nd4 Re7 27. Nf5+ gxf5 28.
Qg5+ Kf8 29. Qh6+ Kg8 30. Qg5+ Kf8 1/2-1/2

[Event "8th HD Bank Cup 2018"]
[Site "Hanoi VIE"]
[Date "2018.03.12"]
[Round "5.9"]
[White "Harsha, Bharathakoti"]
[Black "Bogdanovich, Stanislav"]
[Result "1-0"]
[WhiteTitle "IM"]
[BlackTitle "GM"]
[WhiteElo "2443"]
[BlackElo "2560"]
[WhiteFideId "5078776"]
[BlackFideId "14115298"]
[EventDate "2018.03.10"]

1. d4 Nf6 2. c4 c5 3. d5 b5 4. cxb5 a6 5. e3 g6 6. Nc3 Bg7 7. Nf3 O-O 8. a4 d6
9. Be2 axb5 10. Bxb5 Ba6 11. Bd2 Nbd7 12. O-O Qb6 13. e4 Rfb8 14. Qc2 Bxb5 15.
Nxb5 Ne8 16. Bc3 Nc7 17. Nxc7 Qxc7 18. Bxg7 Kxg7 19. Nd4 Rb7 20. Nb5 Qa5 21. b3
Qb4 22. Rac1 Nb6 23. e5 c4 24. bxc4 dxe5 25. Qe4 f6 26. d6 Rab8 27. Nc7 Nd7 28.
Qc6 1-0

[Event "8th HD Bank Cup 2018"]
[Site "Hanoi VIE"]
[Date "2018.03.12"]
[Round "5.10"]
[White "Pichot, Alan"]
[Black "Lu, Chan Hung"]
[Result "1/2-1/2"]
[WhiteTitle "GM"]
[BlackTitle "IM"]
[WhiteElo "2558"]
[BlackElo "2181"]
[WhiteFideId "110973"]
[BlackFideId "12402508"]
[EventDate "2018.03.10"]

1. e4 c5 2. Nf3 Nf6 3. e5 Nd5 4. Nc3 e6 5. Ne4 f5 6. Nc3 Ne7 7. b3 Ng6 8. Bb2 a6
9. Qe2 Nc6 10. O-O-O Qc7 11. Re1 b5 12. h4 h5 13. Qe3 Bb7 14. Rh3 Be7 15. Kb1
Rh6 16. d3 Nd4 17. Ng5 b4 18. Ne2 Nxe2 19. Bxe2 f4 20. Qd2 Bxg2 21. Rh2 Bc6 22.
Qd1 Nxh4 23. Rxh4 Bxg5 24. Rxh5 Rxh5 25. Bxh5+ Kd8 26. Qg4 Bh6 27. Bc1 Kc8 28.
Bxf4 Kb7 29. Bxh6 gxh6 30. Qf4 Qd8 31. Bf3 Qf8 32. Bxc6+ Kxc6 33. Qe4+ Kb6 34.
Rh1 Rc8 35. Qe3 Qg7 36. Rxh6 Rf8 37. d4 Qg1+ 38. Kb2 Qxf2 39. dxc5+ Kc7 40. Rh3
Qxe3 41. Rxe3 Kc6 42. Rd3 Rf5 43. a3 a5 44. Rd6+ Kxc5 45. Rxd7 Rxe5 46. Rb7 Kc6
47. Rb8 Rb5 48. Rc8+ Kd6 49. Rc4 Rc5 50. Rd4+ Ke5 51. Rd2 Ke4 52. Rh2 bxa3+ 53.
Kxa3 e5 54. Kb2 Ke3 55. c4 Kd3 56. Rh8 a4 57. Rd8+ Ke4 58. bxa4 1/2-1/2

[Event "8th HD Bank Cup 2018"]
[Site "Hanoi VIE"]
[Date "2018.03.12"]
[Round "5.11"]
[White "Krysa, Leandro"]
[Black "Tran, Minh Thang"]
[Result "1/2-1/2"]
[WhiteTitle "GM"]
[BlackTitle "IM"]
[WhiteElo "2548"]
[BlackElo "2366"]
[WhiteFideId "116807"]
[BlackFideId "12401080"]
[EventDate "2018.03.10"]

1. d4 Nf6 2. c4 g6 3. g3 Bg7 4. Bg2 d5 5. Nf3 O-O 6. O-O dxc4 7. Na3 c3 8. bxc3
c5 9. Re1 Nc6 10. Bb2 Ne4 11. d5 Nb4 12. Nh4 Bxc3 13. Bxc3 Nxc3 14. Qb3 Ncxd5
15. Red1 Qa5 16. Nc4 Qa6 17. a3 Nb6 18. axb4 Qxc4 19. Qxc4 Nxc4 20. bxc5 a5 21.
Nf3 Be6 22. Nd4 Rac8 23. c6 bxc6 24. Nxc6 Rc7 25. Nxa5 Nxa5 26. Rxa5 1/2-1/2

[Event "8th HD Bank Cup 2018"]
[Site "Hanoi VIE"]
[Date "2018.03.12"]
[Round "5.12"]
[White "Nguyen, Anh Khoi"]
[Black "Tran, Tuan Minh"]
[Result "1-0"]
[WhiteTitle "IM"]
[BlackTitle "GM"]
[WhiteElo "2435"]
[BlackElo "2522"]
[WhiteFideId "12404675"]
[BlackFideId "12401820"]
[EventDate "2018.03.10"]

1. d4 Nf6 2. c4 e6 3. g3 c5 4. d5 exd5 5. cxd5 d6 6. Nc3 g6 7. Bg2 Bg7 8. Nf3
O-O 9. O-O Re8 10. Bf4 Na6 11. Re1 Bf5 12. Nh4 Bd7 13. Bxd6 g5 14. Nf3 Qb6 15.
Be5 g4 16. Nd2 Rxe5 17. Nc4 Qb4 18. Nxe5 Qxb2 19. Rc1 Re8 20. Nd3 Qa3 21. e4 c4
22. Nf4 Re5 23. Qd4 Nc5 24. Qxe5 1-0

[Event "8th HD Bank Cup 2018"]
[Site "Hanoi VIE"]
[Date "2018.03.12"]
[Round "5.13"]
[White "Rozum, Ivan"]
[Black "Diu, Viacheslav"]
[Result "1-0"]
[WhiteTitle "GM"]
[BlackTitle "IM"]
[WhiteElo "2582"]
[BlackElo "2426"]
[WhiteFideId "24104272"]
[BlackFideId "4167465"]
[EventDate "2018.03.10"]

1. Nf3 d5 2. g3 c6 3. Bg2 Bg4 4. c4 e6 5. O-O Nd7 6. cxd5 exd5 7. h3 Bh5 8. d3
Ngf6 9. Qc2 Bd6 10. e4 O-O 11. Nc3 Re8 12. Nh4 Be5 13. f4 Bd4+ 14. Kh2 Nc5 15.
e5 Nfd7 16. Nf5 Bxc3 17. bxc3 Bg6 18. g4 Bxf5 19. gxf5 Qh4 20. d4 Ne4 21. Bxe4
dxe4 22. Qxe4 Nf6 23. Qf3 Nd5 24. Rg1 g6 25. f6 Rad8 26. f5 Nxc3 27. Qxc3 Rxd4
28. e6 Qxf6 29. Be3 Qe5+ 30. Rg3 Re4 31. Qxe5 Rxe5 32. Rf1 fxe6 33. fxg6 Rf5 34.
gxh7+ Kxh7 35. Rfg1 Re7 36. Bxa7 Ra5 37. Rg4 Kh8 38. Bd4+ e5 39. Rg8+ Kh7 40.
R8g5 Rxa2+ 41. Kh1 Kh6 42. Be3 Ra3 43. Rg6+ 1-0

[Event "8th HD Bank Cup 2018"]
[Site "Hanoi VIE"]
[Date "2018.03.12"]
[Round "5.14"]
[White "Lei, Tingjie"]
[Black "Tu, Hoang Thong"]
[Result "1/2-1/2"]
[WhiteTitle "GM"]
[BlackTitle "GM"]
[WhiteElo "2545"]
[BlackElo "2414"]
[WhiteFideId "8605114"]
[BlackFideId "12400076"]
[EventDate "2018.03.10"]

1. e4 e6 2. d4 d5 3. Nc3 Bb4 4. a3 Bxc3+ 5. bxc3 dxe4 6. Qg4 Nf6 7. Qxg7 Rg8 8.
Qh6 Nbd7 9. Ne2 c5 10. g3 Qa5 11. Bg2 b6 12. O-O Ba6 13. Qe3 Rc8 14. Bd2 cxd4
15. cxd4 Ng4 16. Bxa5 Nxe3 17. fxe3 bxa5 18. Rfe1 Bxe2 19. Rxe2 f5 20. d5 Ke7
21. dxe6 Kxe6 22. Rf1 Ne5 23. Ref2 Rg5 24. Rb1 1/2-1/2

[Event "8th HD Bank Cup 2018"]
[Site "Hanoi VIE"]
[Date "2018.03.12"]
[Round "5.15"]
[White "Pham, Chuong"]
[Black "Sivuk, Vitaly"]
[Result "1/2-1/2"]
[WhiteTitle "IM"]
[BlackTitle "GM"]
[WhiteElo "2393"]
[BlackElo "2526"]
[WhiteFideId "12401218"]
[BlackFideId "14116502"]
[EventDate "2018.03.10"]

1. d4 Nf6 2. c4 g6 3. Nc3 Bg7 4. e4 d6 5. Be2 O-O 6. Bg5 Na6 7. Qd2 c6 8. f3 Nc7
9. Be3 Rb8 10. a4 Na6 11. g4 c5 12. d5 Nb4 13. Nh3 e6 14. Nf2 exd5 15. cxd5 a6
16. h4 h5 17. Bg5 Qe8 18. Rc1 hxg4 19. fxg4 Nh7 20. Be3 Bd7 21. h5 Bxa4 22. Bh6
g5 23. Bxg5 Nxg5 24. Qxg5 Kh8 25. Qf4 Rd8 26. g5 Nc2+ 27. Kf1 Nd4 28. Nxa4 Nxe2
29. Kxe2 Qxa4 30. g6 Qb5+ 31. Kd1 fxg6 32. hxg6+ Kg8 33. Qh4 Rf6 34. Rc2 Re8 35.
Rg1 Kf8 36. Kc1 Qb3 37. Rg3 Qb4 38. Rg1 Qd4 39. Kb1 Qe3 40. Qh2 Qf4 41. Qh3 Ke7
42. Qb3 b5 43. Qh3 Qh6 44. Qg3 Qf4 45. Qh3 Qh6 46. Qg3 Ref8 47. e5 Rf3 48. exd6+
Kd8 49. Qg2 Qf4 50. Nh3 Rf1+ 51. Rxf1 Qxf1+ 52. Qxf1 Rxf1+ 53. Ka2 c4 54. Rf2
Rxf2 55. Nxf2 Kd7 56. Ne4 a5 57. b3 cxb3+ 58. Kxb3 Be5 59. Ka3 Bg7 60. Kb3 Be5 1/2-1/2

[Event "8th HD Bank Cup 2018"]
[Site "Hanoi VIE"]
[Date "2018.03.12"]
[Round "5.16"]
[White "Vishnu Prasanna, V"]
[Black "Hoang, Canh Huan"]
[Result "1-0"]
[WhiteTitle "GM"]
[BlackTitle "FM"]
[WhiteElo "2526"]
[BlackElo "2402"]
[WhiteFideId "5030692"]
[BlackFideId "12400599"]
[EventDate "2018.03.10"]

1. c4 Nf6 2. Nc3 e5 3. Nf3 Nc6 4. g3 d5 5. cxd5 Nxd5 6. Bg2 Nb6 7. O-O Be7 8. b3
O-O 9. Bb2 Re8 10. Rc1 Bf8 11. d3 a5 12. a3 Bg4 13. Re1 Rb8 14. Ne4 Bxf3 15.
Bxf3 Nd4 16. Bg2 c6 17. Nd2 Nb5 18. Nc4 Nxc4 19. bxc4 Nc7 20. Qd2 Na6 21. Qc2
Nc5 22. a4 Qd7 23. Red1 Qe6 24. e3 Qg6 25. Bc3 Ra8 26. Rb1 Red8 27. Bxe5 Nxd3
28. Bd4 Nc5 29. Rd2 Rab8 30. h4 Qxc2 31. Rxc2 Nxa4 32. c5 b6 33. cxb6 c5 34. Be5
Rxb6 35. Ra1 Rb4 36. Bc7 Rd3 37. Bxa5 Nb6 38. Bxb4 cxb4 39. Rc6 Nd7 40. Bf1 Rd2
41. Rc7 b3 42. Rb7 b2 43. Rb1 Ne5 44. R7xb2 Rd6 45. Be2 g6 46. Rc2 h5 47. Rb7
Rf6 48. Kg2 Kg7 49. f4 Nc6 50. Bf3 Ne7 51. e4 Ra6 52. Rcc7 Kf6 53. Bd1 Ra8 54.
e5+ 1-0

[Event "8th HD Bank Cup 2018"]
[Site "Hanoi VIE"]
[Date "2018.03.12"]
[Round "5.17"]
[White "Deepan, Chakkravarthy J."]
[Black "Bui, Vinh"]
[Result "0-1"]
[WhiteTitle "GM"]
[BlackTitle "GM"]
[WhiteElo "2520"]
[BlackElo "2400"]
[WhiteFideId "5011132"]
[BlackFideId "12400726"]
[EventDate "2018.03.10"]

1. e4 c5 2. Nf3 e6 3. d4 cxd4 4. Nxd4 a6 5. Bd3 Bc5 6. Nb3 Be7 7. O-O d6 8. c4
Nd7 9. Nc3 Ngf6 10. f4 b6 11. Qe2 Qc7 12. Bd2 Bb7 13. Rae1 g6 14. e5 Nh5 15.
exd6 Bxd6 16. Nd5 Qb8 17. g4 Ng7 18. Qf2 b5 19. Nb6 Nxb6 20. Qxb6 bxc4 21. Bxc4
O-O 22. Na5 Bd5 23. Qxb8 Raxb8 24. Bxd5 exd5 25. b3 Rfc8 26. Rc1 f5 27. Nc6 Ra8
28. h3 Ne6 29. b4 Rf8 30. Rce1 Rae8 31. a4 fxg4 32. hxg4 Nc7 33. f5 gxf5 34.
Rxf5 Rxe1+ 35. Bxe1 Rxf5 36. gxf5 Kf7 37. Bc3 Ne8 38. Kg2 Ng7 39. Nd8+ Ke8 40.
f6 Nf5 41. Ne6 Kf7 42. Nd8+ Kg6 43. Nb7 Bf8 44. b5 axb5 45. a5 b4 46. Bb2 Nd6
47. Nxd6 Bxd6 48. Bd4 b3 49. a6 Bb8 50. Kf3 h5 51. Ke2 h4 52. Kd3 h3 53. Be5 b2
54. Kc2 Bxe5 0-1

[Event "8th HD Bank Cup 2018"]
[Site "Hanoi VIE"]
[Date "2018.03.12"]
[Round "5.19"]
[White "Saduakassova, Dinara"]
[Black "Shyaamnikhil, P"]
[Result "1-0"]
[WhiteTitle "IM"]
[BlackTitle "IM"]
[WhiteElo "2479"]
[BlackElo "2394"]
[WhiteFideId "13700090"]
[BlackFideId "5024218"]
[EventDate "2018.03.10"]

1. d4 Nf6 2. c4 c5 3. d5 b5 4. cxb5 a6 5. bxa6 g6 6. Nc3 Bg7 7. Nf3 O-O 8. a7
Rxa7 9. e4 d6 10. Be2 Ba6 11. O-O Qb6 12. a4 Nbd7 13. Ra3 Bxe2 14. Qxe2 Qb4 15.
Nd2 Ne8 16. Rb3 Qa5 17. Nc4 Qd8 18. Ra3 Nc7 19. Bg5 h6 20. Bd2 Qb8 21. Rb1 Kh7
22. h4 Ne5 23. Nxe5 Bxe5 24. h5 g5 25. Nd1 Qa8 26. a5 Rb8 27. Qf3 Kg8 28. Ne3
Nb5 29. Nf5 Kh7 30. Ra4 e6 31. Ne3 Nd4 32. Qd1 f5 33. exf5 exf5 34. Bc3 f4 35.
Nc2 Qxd5 36. Nxd4 cxd4 37. Qd3+ Kg8 38. Rd1 Qb3 39. Rxd4 1-0

[Event "8th HD Bank Cup 2018"]
[Site "Hanoi VIE"]
[Date "2018.03.12"]
[Round "5.20"]
[White "Dao, Thien Hai"]
[Black "Wang, Jue"]
[Result "1/2-1/2"]
[WhiteTitle "GM"]
[BlackTitle "WGM"]
[WhiteElo "2474"]
[BlackElo "2354"]
[WhiteFideId "12400084"]
[BlackFideId "8604070"]
[EventDate "2018.03.10"]

1. d4 d5 2. c4 c6 3. Nf3 Nf6 4. Nc3 e6 5. e3 Nbd7 6. Qc2 Bd6 7. g4 Nxg4 8. Rg1
Qf6 9. Rxg4 Qxf3 10. Rxg7 Nf6 11. Qe2 Qxe2+ 12. Bxe2 Bd7 13. f4 Bf8 14. Rg2
O-O-O 15. Bd2 Be7 16. O-O-O Rhg8 17. Rdg1 Rxg2 18. Rxg2 Rg8 19. Rxg8+ Nxg8 20.
e4 Bf6 21. e5 Bh4 22. f5 f6 23. Bh5 Ne7 24. fxe6 Bxe6 25. cxd5 cxd5 1/2-1/2